000 00611nam a2200181 4500
001 138749
003 ES-MaACL
005 20231205191413.0
007 t|
008 070214s1960 sp r ||||1| spa d
100 1 _aSantos, Reynaldo dos.
_9174362
245 1 0 _aHistoria del Arte Portugués /
_cDr. Reynaldo Dos Santos ; prólogo del Excmo. Sr. José Camón Aznar.
260 _aBarcelona [etc.] :
_bLabor,
_c1960.
300 _aX, 1 h., 383 p., 9 lám. :
_bil. ;
_c28 cm.
700 1 _aCamón Aznar, José,
_d1898-1979
_934095
852 _aES-MaACL
_jC-18355
_bR.46732
999 _c138749
_d138749